| 000 | 00853cam a22002411a 4500 | ||
|---|---|---|---|
| 001 | gs 64000108 | ||
| 003 | DLC | ||
| 005 | 20260227111413.0 | ||
| 008 | 810922m19639999at f000 0 eng c | ||
| 010 | _ags 64000108 | ||
| 035 | _a(OCoLC)7780942 | ||
| 040 |
_aU.S. Geol. Survey. Libr. _cNBuU _dNBuU _dICRL _dDLC |
||
| 042 | _apremarc | ||
| 050 | 0 | 0 |
_aQE340 _b.A39 no. 65 |
| 100 | 1 | _aJoplin, Germaine A. | |
| 245 | 1 | 0 |
_aChemical analyses of Australian rocks / _cG.A. Joplin. |
| 260 |
_a[Canberra?] _bAustralian Govt. Pub. Service, _c1963- |
||
| 300 |
_av. _c25 cm. |
||
| 490 | 1 |
_aBulletin / Dept. of National Developemnt, Bureau of Mineral Resources, Geology and Geophysics ; _vno. 65 |
|
| 650 | 0 |
_aRocks _xAnalysis. |
|
| 650 | 0 |
_aPetrology _zAustralia. |
|
| 830 | 0 |
_aBulletin (Australia. Bureau of Mineral Resources, Geology and Geophysics) ; _vno. 65. |
|
| 999 |
_c29801 _d29801 |
||